Ipswich BC v Fisons plc (Record no. 20592)

MARC details
000 -LEADER
fixed length control field 01496cab a2200181 4500
001 - CONTROL NUMBER
control field ABS41492
008 - FIXED-LENGTH DATA ELEMENTS--GENERAL INFORMATION
fixed length control field 090401t1989 xxu||||| |||| 00| 0 eng d
035 ## - SYSTEM CONTROL NUMBER
System control number (Sirsi) u30544
041 ## - LANGUAGE CODE
Language code of text/sound track or separate title eng
245 ## - TITLE STATEMENT
Title Ipswich BC v Fisons plc
260 ## - PUBLICATION, DISTRIBUTION, ETC.
Date of publication, distribution, etc. 1989
350 ## - PRICE (NR) (BK AM CF MU VM SE) [OBSOLETE]
Price 0
490 ## - SERIES STATEMENT
Series statement Weekly Law Reports
Volume/sequential designation (1989) 3 WLR 818-824(7)
520 ## - SUMMARY, ETC.
Summary, etc. ChD 17 May 1989. At issue was whether leave to appeal against an arbitrator`s award under Arbitration Act 1979 s1 , should be granted. Briefly, the council (I) entered into an agreement with F in 1955 to let them a site to build an office block for 99 years at a fixed rent with no provision for review. A clause in the lease provided that the council would let a further site within 21 years, to F for use as a permanent car park ; the term to expire concurrently with the lease for the block. In 1986 F were offered land, on the basis that the lease should be kept at 1980s market rent with provision for rent review . F contended that the new lease should be on the same terms as the 1955 lease, and not contain rent reviews. The matter was referred to an arbitrator, who decided that the clause in the 1955 agreement did not give rise to any legally enforceable obligation, but the 1982 agreement did. The rent, however, should be at 1950s rental values, and not contain rent reviews. I sought
690 ## - LOCAL SUBJECT ADDED ENTRY--TOPICAL TERM (OCLC, RLIN)
Topical term or geographic name as entry element MANAGEMENT-DISPUTE AVOIDANCE, MANAGEMENT AND RESOLUTION-DISPUTE MANAGEMENT AND RESOLUTION-ARBITRATION
942 ## - ADDED ENTRY ELEMENTS (KOHA)
Suppress in OPAC 0
948 ## - LOCAL PROCESSING INFORMATION (OCLC); SERIES PART DESIGNATOR (RLIN)
c (OCLC) 04/03/1997
Holdings
Withdrawn status Lost status Source of classification or shelving scheme Damaged status Not for loan Home library Current library Shelving location Date acquired Total Checkouts Full call number Barcode Date last seen Copy number Price effective from Koha item type
    Dewey Decimal Classification     London London Journal article 14/09/1999   ABS41492 30544-1001 06/08/2019 1 06/08/2019 Law report